Нормален изглед
MARC изглед
- К. Б.
Вход 01. Лично име
001 - Контролен номер на записа
- Контролно поле: 320691
003 - Код на организацията, даваща контролен номер
- Контролно поле: BLK
005 - Дата и час на последна промяна на записа
- Контролно поле: 20180420232055.0
008 - Данни с фиксирана дължина – обща информация
- Данни с фиксирана дължина : 180420|| aca||aabn | a|a d
100 ## - ИМЕ НА ЛИЦЕ -ПЪРВИЧНА ИНТЕЛЕКТУАЛНА ОТГОВОРНОСТ
- Лично име: К. Б.
- Ключова дума за отношение: прев. от фр.
- Друга информация: Бербенко, Кирил Димитров
942 ## - Системна служебна употреба
- Koha auth type: PERSO_NAME